000
00338nam a2200145Ia 4500
008
191201s2007 xx 000 0 und d
082
_a
005.72
_b
BPH
100
_a
BPB Publication
245
0
_a
HTML Complete
250
_a
2nd
260
_a
N.Delhi
_b
BPB Publication
_c
2007
300
_a
1010
650
_a
B.Tech(IT)
942
_2
ddc
_c
BK
_0
1
999
_c
3132
_d
3132